EVERYONE'S A STAR! - 5 Seconds Of Summer - All Songs - Statistics

General Stats
  • This quiz has been taken 27 times
  • The average score is 11 of 12
Answer Stats
EVERYONE'S A STAR! % Correct
Everyone's A Star!
100%
Evolve
100%
NOT OK
95%
Telephone Busy
95%
Boyband
90%
Ghost
90%
The Rocks
90%
I'm Scared I'll Never Sleep Again
85%
istillfeelthesame
85%
Jawbreaker
80%
No. 1 Obsession
80%
Sick of Myself
70%
No matching quizzes found
Score Distribution
Percent of People with Each Score
Percentile by Number Answered
Your Score History
You have not taken this quiz